000 00477nam a2200193Ia 4500
005 20240913125102.0
008 240913s9999||||xx |||||||||||||| ||und||
041 _aENGLISH
082 _A621.8 M6
100 _aMabie,Hamilton H
245 0 _aMechanisms and Dynamics of Machinery
250 _a4th
260 _c1986
_bJohn Wiley,New York
500 _aREFERENCE
650 _aMechanics
_bMechanical
700 _a Reinholtz,Charles F
942 _cREF
999 _c244725
_d244725